01442cam a22003134a 45000010009000000050017000090080041000260100017000670200042000840200039001260200037001650200015002020400013002170420008002300500022002380820016002601000030002762450096003062500031004022600050004333000057004835000293005405000135008335040051009686500027010196500035010467000023010817000024011041372243320230606142910.0040917s2006 ohua b 001 0 eng  a 2004113638 a0324317476 (instructor's ed. package) a032428909X (instructor's ed. core) a0324289081 (student ed. package) a032428909X aDLCcDLC apcc00aHG4026b.M68 2006 a658.15bMCG1 aMoyer, R. Charles,d1945-10aContemporary Financial ManagementcR. Charles Moyer, James R. McGuigan, William J. Kretlow. a10th ed., instructor's ed. aMason, Ohio :bThomson/South-Western,cc2006. a1 v. (various pagings) :bill. (some col.) ;c27 cm. aIncludes passcode to InfoTrac College Edition, the Online Library (WWW.infotrac-college.com) and serial number to access to Thomson One--Business School Edition, a Web-based portal product that provides integrated access to Thomson Financial content for the purpose of financial analysis. aA duplicate table of interest factor (1 folded sheet) and a problem solving using financial calculators (1 folded sheet) inserted. aIncludes bibliographical references and index. 0aCorporationsxFinance. 0aBusiness enterprisesxFinance.1 aMcGuigan, James R.1 aKretlow, William J.